Rudiger Dornbusch

Život a dielo profesora ekonómie Rudigera Dornbuscha. Dornbuschova teória medzinárodného prispôsobovania a vzájomná závislosť ekonomík. Prestreľovanie menového kurzu. Najvýznamnejšie diela R. Dornbuscha.

Salvato in:
Dettagli Bibliografici
Autore principale: Hontyová, Kajetána
Natura: Capitolo di libro
Lingua:slovacco
Soggetti:
Tags: Aggiungi Tag
Nessun Tag, puoi essere il primo ad aggiungerne!!

MARC

LEADER 00000naa a2200000 4500
001 r048900
005 20221128110433.1
041 0 |a slo 
044 |a SK 
245 1 0 |a Rudiger Dornbusch  |c Kajetana Hontyová 
520 |a Život a dielo profesora ekonómie Rudigera Dornbuscha. Dornbuschova teória medzinárodného prispôsobovania a vzájomná závislosť ekonomík. Prestreľovanie menového kurzu. Najvýznamnejšie diela R. Dornbuscha. 
610 2 0 |a teórie ekonomické 
610 2 0 |a ekonómovia 
610 2 0 |a Dornbusch, R. 
610 2 0 |a životopisy 
610 2 0 |a makroekonomika 
610 2 0 |a rovnováha hospodárska 
610 2 0 |a kurz menový 
100 1 |a Hontyová, Kajetána